Migrációs tendenciák Olaszországban

The turn of 20th and 21st centuries the migration pressure amplified and the EU member states have been missing the common devotion, the fair burden and the share of the cost of the border control. Italy is emblematic member of the international migration. The begining of 20th century Italy was ”emi...

Teljes leírás

Elmentve itt :
Bibliográfiai részletek
Szerző: Dömös Mariann
Dokumentumtípus: Cikk
Megjelent: Belvedere Meridionale Szeged 2016
Sorozat:Belvedere Meridionale 28
Kulcsszavak:Migrációs politika - Olaszország, Menekültpolitika - Olaszország
Tárgyszavak:
mtmt:http://dx.doi.org/10.14232/belv.2016.ksz.7
Online Access:http://acta.bibl.u-szeged.hu/36643
LEADER 01756nab a2200253 i 4500
001 acta36643
005 20250702081210.0
008 161027s2016 hu o 000 hun d
022 |a 1419-0222 (print), 2064-5929 (online, pdf) 
024 7 |a http://dx.doi.org/10.14232/belv.2016.ksz.7  |2 doi 
040 |a SZTE Egyetemi Kiadványok Repozitórium  |b hun 
041 |a hun 
041 |a eng 
100 1 |a Dömös Mariann 
245 1 0 |a Migrációs tendenciák Olaszországban  |h [elektronikus dokumentum] /  |c  Dömös Mariann 
260 |a Belvedere Meridionale  |b Szeged  |c 2016 
300 |a 72-90 
490 0 |a Belvedere Meridionale  |v 28 
520 3 |a The turn of 20th and 21st centuries the migration pressure amplified and the EU member states have been missing the common devotion, the fair burden and the share of the cost of the border control. Italy is emblematic member of the international migration. The begining of 20th century Italy was ”emitters” country then became ”receiving” country. In the first part of the study gives an insight into Italy like an emitters country, we examine the relations with the United States of America which is one of the biggest receiving country. That ’s why the migration policy of the USA is very useful in this case. In the second part of the study gives an insight into Italy’s migration policy. This paper intends to review this topic and examines the Italian migration trends, policy reactions and their relationship with society. 
650 4 |a Társadalomtudományok 
650 4 |a Szociológia 
650 4 |a Politikatudomány 
695 |a Migrációs politika - Olaszország, Menekültpolitika - Olaszország 
856 4 0 |u http://acta.bibl.u-szeged.hu/36643/1/belvedere_2016_ksz_072-090.pdf  |z Dokumentum-elérés